Statystyki dla Państwa powstałe w wyniku rozpadu ZSRR

Kliknij tutaj aby rozwiązać quiz!

Ogólne statystyki

  • Ten quiz został rozwiązany 1 031 razy
  • Średni wynik to 12 z 15

Statystyki odpowiedzi

numerekodpowiedź% Poprawnych
14Ukraina
96%
8Litwa
94%
4Estonia
93%
9Łotwa
93%
3Białoruś
92%
6Kazachstan
87%
11Rosja
79%
5Gruzja
75%
1armenia
73%
15Uzbekistan
73%
2Azerbejdżan
72%
10Mołdawia
69%
12Tadżykistan
69%
13Turkmenistan
69%
7Kirgistan
67%

Rozkład punktacji

Percentyl według liczby udzielonych odpowiedzi

Procent ludzi z każdym wynikiem

Twoja historia wyników

Nie rozwiązałeś tego quizu